| 000 | 00604nam a2200229Ia 4500 | ||
|---|---|---|---|
| 003 | OSt | ||
| 005 | 20220928104537.0 | ||
| 006 | a|||||r|||| 00| 0 | ||
| 007 | ta | ||
| 008 | 220927b |||||||| |||| 00| 0 eng d | ||
| 024 | _a50328 | ||
| 037 | _cTextual | ||
| 040 |
_aSDCL _cSDCL _beng |
||
| 041 |
_2eng _aeng |
||
| 082 | _aO152,3N:g(Y:4), P4 | ||
| 100 |
_aToki Rajendra _9410952 |
||
| 245 | 0 | _aHindi ke abhishapt upniyas. | |
| 260 |
_aDelhi _bVimla Books _c2004 |
||
| 300 |
_a288p. _ccm. |
||
| 942 |
_hO152,3N:g(Y:4), P4 _cTEXL _2CC |
||
| 999 |
_c726602 _d726602 |
||